000 004370000a22001810004500
003 MACL
005 20160110173316.0
008 160110b xxu||||| |||| 00| 0 eng d
040 _aMACL
_cMACL
041 _aEnglish
082 _a923.2/BRI
100 _aBright, J S
_930482
245 _aIndira Gandhi
260 _bNew light Publishers
_c1984
_aNew Delhi
350 _a16
650 _aBiography
_931125
942 _cBK
_k923.2/Bri
_2ddc
999 _c34088
_d34088